00749nam a2200169Ia 4500008004100000020001800041082001700059245012400076250000600200260002300206300001000229500004300239650005800282700011600340952010600456999001700562120629s9999 xx 000 0 und d a968-24-4100-5 a001.42 P967p aEl protocolo de investigación : lineamientos para su elaboración y análisis / Ignacio Méndez Ramíre...[et al] a2 aMéxico : Trillas a210 p aApéndices, bibliografía e índice a1. INVESTIGACION-METODOLOGIA \ 2. CIENCIA-METODOLOGIA aI.Méndez Ramirez, Ignacio; coaut. II.Namihira Guerrero, Delia; coaut. III.Moreno Altamirano, Laura; coaut.Ì 00104070a15b15d2006-07-14l1o001.42 P967Pp15 001555r2019-07-12s2019-07-10t1w2012-06-28yLB c75014d75014